000 00307nam a22001217a 4500
008 230703b xxu||||| |||| 00| 0 eng d
082 _a342.6
_bNEI
100 _cPaul H Niekirk MA
245 _aThe Kenya Law reports 1976
260 _bEast African Publishing house
_c1981
300 _a312p
942 _2ddc
_cBK
999 _c3435
_d3435